Eco-efficiency : (Record no. 22811)
[ view plain ]
| 000 -LEADER | |
|---|---|
| fixed length control field | 01362cam a22003375a 4500 |
| 001 - CONTROL NUMBER | |
| control field | 011016792 |
| 005 - DATE AND TIME OF LATEST TRANSACTION | |
| control field | 20161024102312.0 |
| 008 - FIXED-LENGTH DATA ELEMENTS--GENERAL INFORMATION | |
| fixed length control field | 000509t1997 enka frb 001 0 eng d |
| 010 ## - LIBRARY OF CONGRESS CONTROL NUMBER | |
| LC control number | 96049857 |
| 020 ## - INTERNATIONAL STANDARD BOOK NUMBER | |
| International Standard Book Number | 0262041626 (cased) |
| 020 ## - INTERNATIONAL STANDARD BOOK NUMBER | |
| International Standard Book Number | 0262541092 (pbk.) |
| 020 ## - INTERNATIONAL STANDARD BOOK NUMBER | |
| International Standard Book Number | 9780262541091 |
| 040 ## - CATALOGING SOURCE | |
| Original cataloging agency | DLC |
| Language of cataloging | eng |
| Transcribing agency | DLC |
| Modifying agency | Uk |
| -- | EG-ScBUE |
| 082 04 - DEWEY DECIMAL CLASSIFICATION NUMBER | |
| Classification number | 338.98 |
| Item number | DES |
| Edition number | 22 |
| 100 10 - MAIN ENTRY--PERSONAL NAME | |
| Personal name | DeSimone, Livio D. |
| 245 10 - TITLE STATEMENT | |
| Title | Eco-efficiency : |
| Remainder of title | the business link to sustainable development / |
| Statement of responsibility, etc | Livio D. DeSimone and Frank Popoff with the World Business Council for Sustainable Development. |
| 260 ## - PUBLICATION, DISTRIBUTION, ETC. (IMPRINT) | |
| Place of publication, distribution, etc | Cambridge ; |
| -- | London : |
| Name of publisher, distributor, etc | MIT Press, |
| Date of publication, distribution, etc | c.1997. |
| 300 ## - PHYSICAL DESCRIPTION | |
| Extent | xxvi, 280 p. : |
| Other physical details | ill. ; |
| Dimensions | 24 cm. |
| 500 ## - GENERAL NOTE | |
| General note | Index : p. [267]-280. |
| 504 ## - BIBLIOGRAPHY, ETC. NOTE | |
| Bibliography, etc | Bibliography : p. [247]-260) |
| 546 ## - LANGUAGE NOTE | |
| Language note | Based on various activities of the Council, including expert meetings in Europe (Antwerp 1 in November 1993 and Antwerp 2 in March 1995) and in the United States (Washington, D.C. in November 1995) |
| 650 #0 - SUBJECT ADDED ENTRY--TOPICAL TERM | |
| Topical term or geographic name as entry element | Sustainable development. |
| Source of heading or term | BUEsh |
| 650 #0 - SUBJECT ADDED ENTRY--TOPICAL TERM | |
| Topical term or geographic name as entry element | Economic development |
| General subdivision | Environmental aspects. |
| Source of heading or term | BUEsh |
| 650 #0 - SUBJECT ADDED ENTRY--TOPICAL TERM | |
| Topical term or geographic name as entry element | Social responsibility of business. |
| Source of heading or term | BUEsh |
| 651 ## - SUBJECT ADDED ENTRY--GEOGRAPHIC NAME | |
| Source of heading or term | BUEsh |
| 653 ## - INDEX TERM--UNCONTROLLED | |
| Resource For college | BAEPS, Business Administration |
| Arrived date list | October2016 |
| 655 ## - INDEX TERM--GENRE/FORM | |
| Form subdivision | Reading book |
| -- | 34232 |
| 700 1# - ADDED ENTRY--PERSONAL NAME | |
| Personal name | Popoff, Frank. |
| 710 2# - ADDED ENTRY--CORPORATE NAME | |
| Corporate name or jurisdiction name as entry element | World Business Council for Sustainable Development. |
| 942 ## - ADDED ENTRY ELEMENTS (KOHA) | |
| Source of classification or shelving scheme | Dewey Decimal Classification |
| Withdrawn status | Item status | Source of classification or shelving scheme | Damaged status | Not for loan | Vendor | Home library | Current library | Shelving location | Date acquired | Source of acquisition | Cost, normal purchase price | Total Checkouts | Full call number | Barcode | Date last seen | Koha item type | Total Renewals | Date last borrowed |
|---|---|---|---|---|---|---|---|---|---|---|---|---|---|---|---|---|---|---|
| Dewey Decimal Classification | Baccah | Central Library | Central Library | First floor | 24/10/2016 | Purchase | 400.00 | 338.98 DES | 000034411 | 15/07/2025 | Book - Borrowing | |||||||
| Dewey Decimal Classification | Baccah | Central Library | Central Library | First floor | 24/10/2016 | Purchase | 1 | 338.98 DES | 000034412 | 15/07/2025 | Book - Borrowing | 4 | 22/10/2020 | |||||
| Dewey Decimal Classification | Baccah | Central Library | Central Library | First floor | 24/10/2016 | Purchase | 338.98 DES | 000034413 | 15/07/2025 | Book - Borrowing |